[Event "Eesti MV"]
[Site "Tallinn"]
[Date "2004.05.04"]
[Round "1"]
[White "Firstov, Juri"]
[Black "Kanep, Meelis"]
[Result "0-1"]
[WhiteElo "2169"]
[BlackElo "2426"]
[PlyCount "40"]
[EventDate "2004.05.04"]

1. Nf3 d5 2. e3 Nf6 3. b4 Bg4 4. Bb2 Nbd7 5. h3 Bxf3 6. Qxf3 e5 7. a3 Bd6 8. d3
c5 9. c3 O-O 10. Qd1 Qb6 11. Ra2 cxb4 12. cxb4 a5 13. bxa5 Rxa5 14. Be2 Rb5 15.
Qc1 Rc5 16. Qd1 Rfc8 17. Nd2 Rc2 18. Qb1 Qa5 19. Qd1 Bb4 20. O-O Bxd2 0-1

[Event "Eesti MV"]
[Site "Tallinn"]
[Date "2004.05.04"]
[Round "1"]
[White "Seeman, Tarvo"]
[Black "Kulaots, Kaido"]
[Result "1/2-1/2"]
[WhiteElo "2425"]
[BlackElo "2567"]
[PlyCount "25"]
[EventDate "2004.05.04"]

1. g3 d5 2. Nf3 Nf6 3. Bg2 c6 4. b3 Bf5 5. Bb2 e6 6. O-O Nbd7 7. d3 h6 8. Nbd2
Bh7 9. a3 a5 10. Ne5 Nxe5 11. Bxe5 Bd6 12. Bb2 O-O 13. e4 1/2-1/2

[Event "Eesti MV"]
[Site "Tallinn"]
[Date "2004.05.04"]
[Round "1"]
[White "Shlykov, Vitali"]
[Black "Syskov, Vjatsheslav"]
[Result "1/2-1/2"]
[WhiteElo "2142"]
[BlackElo "2261"]
[PlyCount "133"]
[EventDate "2004.05.04"]

1. e4 c5 2. Nf3 e6 3. d4 cxd4 4. Nxd4 a6 5. Nc3 Qc7 6. Be2 Nf6 7. O-O Nc6 8.
Kh1 Nxd4 9. Qxd4 Bc5 10. Qd3 b5 11. a3 Bb7 12. f4 h5 13. Bf3 Rc8 14. Be3 Ng4
15. Bxc5 Qxc5 16. Rad1 Rc7 17. e5 Qc4 18. Bxb7 Qxd3 19. Rxd3 Rxb7 20. Ne4 Rc7
21. c3 Ke7 22. h3 Nh6 23. Nd6 f6 24. b4 Nf7 25. Rfd1 Rd8 26. Re3 Ra7 27. Kh2
Nxd6 28. Rxd6 h4 29. g3 hxg3+ 30. Rxg3 Kf7 31. Rgd3 Ke7 32. h4 f5 33. Rg3 Kf7
34. Rgd3 Ke7 35. Kh3 Rh8 36. R6d4 Rc7 37. Rd6 Ra7 38. Kg3 Rc8 39. Kf2 Rc4 40.
Ke3 Re4+ 41. Kf3 Re1 42. Rd1 Re4 43. R6d4 Rc7 44. Rxe4 fxe4+ 45. Kxe4 Rxc3 46.
Rd3 Rc4+ 47. Kf3 Rc1 48. Kg4 Rg1+ 49. Kh5 Rf1 50. Kg4 Rg1+ 51. Rg3 Rxg3+ 52.
Kxg3 Kf7 53. h5 Kg8 54. Kh4 Kh8 55. Kg4 Kg8 56. f5 exf5+ 57. Kxf5 Kf7 58. Kg5
Kf8 59. Kg6 Kg8 60. Kf5 Kf7 61. Kf4 Ke7 62. Ke3 Kf7 63. Kd4 Ke6 64. Ke4 Kf7 65.
Kd5 Ke7 66. Kc5 Ke6 67. Kd4 1/2-1/2

[Event "Eesti MV"]
[Site "Tallinn"]
[Date "2004.05.04"]
[Round "1"]
[White "Zjukin, Sergei"]
[Black "Veingold, Aleksander"]
[Result "1/2-1/2"]
[WhiteElo "2390"]
[BlackElo "2464"]
[PlyCount "24"]
[EventDate "2004.05.04"]

1. e4 c5 2. Nf3 d6 3. d4 cxd4 4. Nxd4 Nf6 5. Nc3 a6 6. Bg5 e6 7. f4 Qb6 8. Qd2
Nc6 9. Bxf6 gxf6 10. Nb3 Bd7 11. O-O-O O-O-O 12. Be2 h5 1/2-1/2

[Event "Eesti MV"]
[Site "Tallinn"]
[Date "2004.05.05"]
[Round "2"]
[White "Kanep, Meelis"]
[Black "Tsiganova, Monika"]
[Result "1/2-1/2"]
[WhiteElo "2426"]
[BlackElo "2270"]
[PlyCount "120"]
[EventDate "2004.05.04"]

1. d4 Nf6 2. Bg5 d5 3. Bxf6 exf6 4. e3 Bd6 5. Bd3 f5 6. Nd2 g6 7. Qf3 Be6 8. h3
h5 9. Ne2 c6 10. Nf4 Qe7 11. c4 dxc4 12. Bxc4 Bxc4 13. Nxc4 Bc7 14. O-O-O Nd7
15. g4 fxg4 16. hxg4 Qf6 17. Qe4+ Kf8 18. Nd3 Re8 19. Qg2 Qe6 20. Nd2 Nf6 21.
gxh5 Rxh5 22. Rxh5 Nxh5 23. Kb1 Qf5 24. Nb3 Bd6 25. Ka1 Nf6 26. Nbc5 Bxc5 27.
Nxc5 b6 28. Nd3 c5 29. Qh2 cxd4 30. Qd6+ Kg7 31. Qxd4 Re7 32. Qc3 Rd7 33. a3
Qf3 34. Rc1 Qe2 35. Ne5 Rd1 36. Qc7 Rxc1+ 37. Qxc1 Qxf2 38. Qc7 Nd5 39. Qxa7
Nxe3 40. Qe7 Qf6 41. Qe8 Qe6 42. Qxe6 fxe6 43. Kb1 Nd5 44. Kc2 Kf6 45. Nf3 Kf5
46. a4 g5 47. Kd2 e5 48. Ne1 e4 49. Nc2 Kf4 50. b4 Kf3 51. Ke1 g4 52. Kf1 e3
53. Ne1+ Ke4 54. a5 b5 55. a6 Kd4 56. a7 Nb6 57. Ke2 Kc3 58. Ng2 Kxb4 59. Nxe3
Kc5 60. Nxg4 Na8 1/2-1/2

[Event "Eesti MV"]
[Site "Tallinn"]
[Date "2004.05.05"]
[Round "2"]
[White "Syskov, Vjatsheslav"]
[Black "Zjukin, Sergei"]
[Result "1/2-1/2"]
[WhiteElo "2261"]
[BlackElo "2390"]
[PlyCount "56"]
[EventDate "2004.05.04"]

1. e4 e5 2. Nf3 Nc6 3. Nc3 Nf6 4. Bb5 Bb4 5. O-O O-O 6. d3 Bxc3 7. bxc3 d6 8.
Bg5 Qe7 9. Bxc6 bxc6 10. Qe2 h6 11. Be3 Bg4 12. h3 Bh5 13. Kh2 d5 14. g4 dxe4
15. dxe4 Bg6 16. g5 hxg5 17. Bxg5 Qe6 18. Bxf6 Qxf6 19. Qe3 Rfd8 20. Rfe1 Rd6
21. Nd2 Qh4 22. Rg1 Qe7 23. Nc4 Rf6 24. f3 Qe6 25. Nb2 Re8 26. Rg3 a6 27. a3
Qe7 28. Nd3 Qe6 1/2-1/2

[Event "Eesti MV"]
[Site "Tallinn"]
[Date "2004.05.05"]
[Round "2"]
[White "Kulaots, Kaido"]
[Black "Shlykov, Vitali"]
[Result "1-0"]
[WhiteElo "2567"]
[BlackElo "2142"]
[PlyCount "87"]
[EventDate "2004.05.04"]

1. e4 e6 2. d4 d5 3. Nc3 Bb4 4. e5 c5 5. a3 Bxc3+ 6. bxc3 Ne7 7. Qg4 Qc7 8.
Qxg7 Rg8 9. Qxh7 cxd4 10. Ne2 Nbc6 11. f4 dxc3 12. Qd3 Bd7 13. Rb1 Nf5 14. Rg1
O-O-O 15. g4 Nh4 16. Rg3 d4 17. Nxd4 Nxd4 18. Qxd4 Rxg4 19. Qxa7 Rxg3 20. hxg3
Nf3+ 21. Kf2 Bc6 22. Be3 Nd2 23. Bb6 Qb8 24. Qxb8+ Kxb8 25. Bxd8 Nxb1 26. Bd3
Nxa3 27. Be7 Nb5 28. Bb4 Kc8 29. g4 Bd7 30. Kg3 b6 31. Kh4 Nc7 32. Bxc3 Nd5 33.
Bd2 b5 34. Kg5 Kd8 35. Kh6 Ke8 36. Kg7 Ke7 37. f5 exf5 38. gxf5 Ke8 39. Bg5 Nc7
40. Be4 b4 41. Bd2 Na6 42. Kf6 Nc5 43. Bd5 Kd8 44. Bxb4 1-0

[Event "Eesti MV"]
[Site "Tallinn"]
[Date "2004.05.05"]
[Round "2"]
[White "Firstov, Juri"]
[Black "Seeman, Tarvo"]
[Result "1/2-1/2"]
[WhiteElo "2169"]
[BlackElo "2425"]
[PlyCount "96"]
[EventDate "2004.05.04"]

1. Nf3 Nf6 2. d4 g6 3. Bf4 Bg7 4. h3 O-O 5. e3 c5 6. c3 d6 7. Be2 Be6 8. dxc5
dxc5 9. Qxd8 Rxd8 10. Nbd2 Nc6 11. O-O h6 12. Rfd1 Nd5 13. Bg3 Nb6 14. Bc7 Rd7
15. Bxb6 axb6 16. a3 Rad8 17. Kf1 f5 18. Ke1 Na5 19. Rab1 Ba2 20. Rbc1 Bf7 21.
Nb1 Nc4 22. Rxd7 Rxd7 23. Rc2 g5 24. Nfd2 Ne5 25. a4 Nd3+ 26. Bxd3 Rxd3 27. Na3
Be8 28. Nb5 Bf7 29. Na3 Rd8 30. Nac4 Ra8 31. Nxb6 Ra6 32. Ndc4 Bxc4 33. Nxc4
Rxa4 34. Na3 Kf7 35. Rc1 g4 36. hxg4 fxg4 37. g3 h5 38. Kd2 Kg6 39. Ra1 Ra6 40.
Nc2 Rb6 41. Ra2 Bf6 42. Na3 Ra6 43. Ra1 b5 44. Nc2 Rd6+ 45. Ke2 h4 46. gxh4
Bxh4 47. Na3 Rf6 48. Rf1 b4 1/2-1/2

[Event "Eesti MV"]
[Site "Tallinn"]
[Date "2004.05.05"]
[Round "3"]
[White "Shlykov, Vitali"]
[Black "Firstov, Juri"]
[Result "1/2-1/2"]
[WhiteElo "2142"]
[BlackElo "2169"]
[PlyCount "139"]
[EventDate "2004.05.04"]

1. e4 c6 2. d4 d5 3. e5 Bf5 4. Nc3 Qd7 5. Be3 Na6 6. a3 Nc7 7. h4 h5 8. Be2 g6
9. Nf3 Bg4 10. b4 e6 11. Bg5 Be7 12. Qd2 O-O-O 13. Na4 b6 14. Nb2 Bxg5 15. hxg5
Ne7 16. a4 Nf5 17. Qf4 Qe7 18. Qd2 Kd7 19. a5 Ra8 20. Ng1 Bxe2 21. Nxe2 Na6 22.
Nd3 h4 23. Rh3 Nc7 24. Kf1 Nb5 25. Qf4 Nc7 26. Qd2 Nb5 27. Nb2 Kc7 28. Rd3 Kb7
29. Ra4 Rh5 30. a6+ Kc7 31. f4 Rah8 32. Rh3 Qf8 33. Nd1 Kd7 34. Ndc3 Nxc3 35.
Nxc3 Qe7 36. Nd1 Ng3+ 37. Kg1 Ne4 38. Qe1 Rb8 39. Ne3 c5 40. bxc5 bxc5 41. Ra5
Ke8 42. dxc5 Nxc5 43. Rxh4 Rxh4 44. Qxh4 Qc7 45. Kh2 Ke7 46. Qe1 Kf8 47. Ng4
Ne4 48. Nf6 Rb2 49. c4 Qxc4 50. Qh4 Nxf6 51. gxf6 Ke8 52. Qg3 Rb3 53. Qf2 d4
54. Ra2 Qb4 55. Rd2 d3 56. Qe3 Qc4 57. g3 Rb6 58. Rxd3 Rb2+ 59. Rd2 Rxd2+ 60.
Qxd2 Qxa6 61. Qb4 Qe2+ 62. Kh3 Qf1+ 63. Kg4 Qe2+ 64. Kh3 Qh5+ 65. Kg2 Qe2+ 66.
Kg1 Qe3+ 67. Kg2 Qe2+ 68. Kh3 Qf1+ 69. Kh2 Qf2+ 70. Kh3 1/2-1/2

[Event "Eesti MV"]
[Site "Tallinn"]
[Date "2004.05.05"]
[Round "3"]
[White "Zjukin, Sergei"]
[Black "Kulaots, Kaido"]
[Result "0-1"]
[WhiteElo "2390"]
[BlackElo "2567"]
[PlyCount "120"]
[EventDate "2004.05.04"]

1. e4 c5 2. Nf3 d6 3. d4 cxd4 4. Nxd4 Nf6 5. Nc3 a6 6. Bg5 e6 7. f4 Nbd7 8. Qf3
Qc7 9. O-O-O b5 10. Bd3 Bb7 11. Rhe1 Qb6 12. Nb3 b4 13. Na4 Qc7 14. Nd4 Be7 15.
Qe2 h6 16. Bh4 g5 17. fxg5 hxg5 18. Bxg5 Qa5 19. e5 Qxe5 20. h4 Qxd4 21. Bb5
Qa7 22. Bxd7+ Nxd7 23. Bxe7 Kxe7 24. Qd2 Qb8 25. Qg5+ Kf8 26. Rxe6 fxe6 27. Nb6
Ke8 28. Qg6+ Kd8 29. Qxe6 Nxb6 30. Rxd6+ Qxd6 31. Qxd6+ Nd7 32. Qxb4 Bc6 33.
Qa5+ Kc8 34. g3 Re8 35. h5 Re5 36. Qc3 Kc7 37. g4 Rf8 38. b3 Rf2 39. Qg3 Rg2
40. Qf4 Kb7 41. h6 Be4 42. h7 Bxh7 43. Qf7 Rxc2+ 44. Kd1 Kc7 45. Qxh7 Rxa2 46.
Qf7 Raa5 47. Qc4+ Kd6 48. Qf4 Ke6 49. Kd2 Nf6 50. Qc4+ Rad5+ 51. Kc2 a5 52. Kb2
Kf7 53. Qf4 Kg6 54. Qf3 Re4 55. Ka3 a4 56. b4 Rxg4 57. Kxa4 Rdd4 58. Qc3 Nd5
59. Qc6+ Kg5 60. Qc5 Rxb4+ 0-1

[Event "Eesti MV"]
[Site "Tallinn"]
[Date "2004.05.05"]
[Round "3"]
[White "Tsiganova, Monika"]
[Black "Veingold, Aleksander"]
[Result "0-1"]
[WhiteElo "2270"]
[BlackElo "2464"]
[PlyCount "148"]
[EventDate "2004.05.04"]

1. d4 Nf6 2. c4 e6 3. Nc3 Bb4 4. Qc2 O-O 5. a3 Bxc3+ 6. Qxc3 b6 7. Bg5 Bb7 8.
e3 d6 9. Ne2 Nbd7 10. Qd3 h6 11. Bh4 Be4 12. Qd2 c6 13. Nc3 Bh7 14. Be2 Qe7 15.
Rd1 a6 16. O-O b5 17. Rfe1 bxc4 18. Bxc4 d5 19. Bf1 c5 20. dxc5 Qxc5 21. Rc1
Qa7 22. b4 a5 23. b5 a4 24. f3 Rfc8 25. Bf2 Qb7 26. e4 dxe4 27. Nxe4 Nxe4 28.
Rxc8+ Rxc8 29. fxe4 Nf6 30. Rc1 Nxe4 31. Rxc8+ Qxc8 32. Qd4 Nxf2 33. Kxf2 Qc2+
34. Kg1 Be4 35. b6 Bd5 36. Qb4 Qc6 37. h3 g5 38. Ba6 Qc1+ 39. Kf2 Qc2+ 40. Ke1
Qxg2 41. b7 Qh1+ 42. Kf2 Qf3+ 43. Ke1 Qe3+ 44. Be2 Bxb7 45. Qxb7 Qxa3 46. Qb8+
Qf8 47. Qb7 a3 48. Bc4 Qc5 49. Qb3 Qe5+ 50. Kd2 Qh2+ 51. Kc1 Qg1+ 52. Kc2 Qa1
53. Bxe6 fxe6 54. Qxe6+ Kg7 55. Qe7+ Kg6 56. Qe8+ Kf5 57. Qd7+ Ke4 58. Qg4+ Ke5
59. Qg3+ Ke6 60. Qg4+ Kd6 61. Qg3+ Qe5 62. Qd3+ Qd5 63. Qxa3+ Ke5 64. Qg3+ Kf6
65. Qc3+ Kg6 66. Qe3 Qc4+ 67. Kd1 Kh5 68. Qe8+ Kh4 69. Qe1+ Kxh3 70. Qh1+ Kg3
71. Qxh6 Qf1+ 72. Kd2 g4 73. Qh5 Qf4+ 74. Ke1 Qe3+ 0-1

[Event "Eesti MV"]
[Site "Tallinn"]
[Date "2004.05.06"]
[Round "4"]
[White "Kanep, Meelis"]
[Black "Veingold, Aleksander"]
[Result "1-0"]
[WhiteElo "2426"]
[BlackElo "2464"]
[PlyCount "155"]
[EventDate "2004.05.04"]

1. d4 Nf6 2. c4 e6 3. Nf3 b6 4. g3 Ba6 5. Qb3 Nc6 6. Nbd2 d5 7. Bg2 Bd6 8. Qa4
Bb7 9. cxd5 exd5 10. Nc4 Bb4+ 11. Bd2 Bxd2+ 12. Ncxd2 O-O 13. O-O Qe7 14. Rac1
Nd8 15. b4 Ne6 16. Qb3 Ne4 17. e3 c5 18. bxc5 bxc5 19. Qa3 Rfe8 20. dxc5 N6xc5
21. Rc2 Ne6 22. Qxe7 Rxe7 23. Rfc1 g6 24. Nb3 Ba6 25. Rd1 Rc7 26. Rxc7 Nxc7 27.
Nfd4 Re8 28. Rc1 Nb5 29. Nxb5 Bxb5 30. Rc7 a5 31. Nc5 Nc3 32. Nd7 Ne2+ 33. Kh1
Kg7 34. Rb7 Bc6 35. Rc7 Bb5 36. a4 Bxa4 37. Nc5 Rb8 38. Bxd5 Be8 39. Nb7 a4 40.
Nd6 Kh8 41. Nxe8 Rxe8 42. Bf3 Rb8 43. Bxe2 Rb2 44. Bd3 Rxf2 45. Ra7 Rf3 46. Bc4
f5 47. Rxa4 Rxe3 48. Kg2 Rc3 49. Be2 Rc7 50. Kf3 Kg7 51. Bc4 Rd7 52. Ra5 Rc7
53. Bd5 Kf6 54. Ra6+ Ke5 55. Bg8 Rc3+ 56. Kg2 Rc2+ 57. Kh3 g5 58. Ra5+ Kf6 59.
Rxf5+ Kg6 60. g4 Rc7 61. Kg3 h5 62. h3 hxg4 63. hxg4 Rc1 64. Bf7+ Kh6 65. Bd5
Rg1+ 66. Bg2 Re1 67. Rf6+ Kg7 68. Rc6 Re5 69. Bf3 Re1 70. Kf2 Re7 71. Rc4 Kf6
72. Be4 Ra7 73. Ke3 Ra5 74. Kd4 Ra1 75. Rc6+ Kf7 76. Ke5 Ra5+ 77. Bd5+ Kg7 78.
Rd6 1-0

[Event "Eesti MV"]
[Site "Tallinn"]
[Date "2004.05.06"]
[Round "4"]
[White "Syskov, Vjatsheslav"]
[Black "Tsiganova, Monika"]
[Result "1-0"]
[WhiteElo "2261"]
[BlackElo "2270"]
[PlyCount "77"]
[EventDate "2004.05.04"]

1. e4 c5 2. Nf3 d6 3. d4 cxd4 4. Nxd4 Nf6 5. Nc3 a6 6. f3 e5 7. Nb3 Be6 8. Be3
Be7 9. Qd2 Qc7 10. O-O-O O-O 11. g4 Nbd7 12. h4 Rfc8 13. Kb1 b5 14. h5 b4 15.
Nd5 Bxd5 16. exd5 Nb6 17. Bxb6 Qxb6 18. g5 Ne8 19. g6 h6 20. gxf7+ Kxf7 21. Bh3
Rc4 22. Be6+ Kf8 23. f4 Rxf4 24. Rdf1 Bg5 25. Qd3 Nf6 26. Qg6 Ra7 27. Nc1 Qe3
28. Re1 Qf3 29. Nd3 Rh4 30. Rhf1 Qxh5 31. Qh7 Rf7 32. Qh8+ Ke7 33. Qc8 Bd2 34.
Qc7+ Ke8 35. Qc8+ Ke7 36. Rd1 e4 37. Qc7+ Ke8 38. Qc8+ Ke7 39. Ne5 1-0

[Event "Eesti MV"]
[Site "Tallinn"]
[Date "2004.05.06"]
[Round "4"]
[White "Firstov, Juri"]
[Black "Zjukin, Sergei"]
[Result "1/2-1/2"]
[WhiteElo "2169"]
[BlackElo "2390"]
[PlyCount "33"]
[EventDate "2004.05.04"]

1. Nf3 Nf6 2. d4 g6 3. Bf4 Bg7 4. h3 O-O 5. e3 c5 6. c3 b6 7. Nbd2 Bb7 8. Be2
d6 9. O-O Nbd7 10. a4 a6 11. Qb3 Bc6 12. Rfc1 b5 13. axb5 axb5 14. Qd1 Qb6 15.
Rxa8 Rxa8 16. Ra1 Rxa1 17. Qxa1 1/2-1/2

[Event "Eesti MV"]
[Site "Tallinn"]
[Date "2004.05.06"]
[Round "4"]
[White "Seeman, Tarvo"]
[Black "Shlykov, Vitali"]
[Result "1/2-1/2"]
[WhiteElo "2425"]
[BlackElo "2142"]
[PlyCount "110"]
[EventDate "2004.05.04"]

1. e4 e6 2. d3 c5 3. Nf3 Nc6 4. g3 d6 5. Bg2 g6 6. Bg5 Qb6 7. Nbd2 Bg7 8. Nc4
Qc7 9. a4 Nge7 10. O-O O-O 11. c3 h6 12. Bd2 f5 13. exf5 gxf5 14. Nh4 Kh7 15.
f4 Bd7 16. Qh5 Be8 17. Qe2 Bf7 18. h3 Bf6 19. Nf3 Rg8 20. g4 Rae8 21. g5 Bg7
22. gxh6 Bxh6 23. Ng5+ Bxg5 24. fxg5 Rh8 25. Rae1 Ng6 26. Qf2 Kg7 27. Qg3 Rd8
28. b4 Nce5 29. bxc5 Nxc4 30. dxc4 Qxc5+ 31. Be3 Qc8 32. c5 dxc5 33. Qf2 b6 34.
a5 Qc7 35. axb6 axb6 36. Qb2 f4 37. c4+ Kg8 38. Bc1 e5 39. Qc2 Qc8 40. Bb2 Qe6
41. Qe4 Rd2 42. Rf2 Rxf2 43. Kxf2 f3 44. Qxf3 Rh4 45. Kg1 Qxc4 46. Rxe5 Nxe5
47. Bxe5 Qc1+ 48. Kh2 Qxg5 49. Qa8+ Kh7 50. Be4+ Rxe4 51. Qxe4+ Qg6 52. Qh4+
Qh5 53. Qf6 Qe2+ 54. Kg3 Qe3+ 55. Kh2 Qe2+ 1/2-1/2

[Event "Eesti MV"]
[Site "Tallinn"]
[Date "2004.05.07"]
[Round "5"]
[White "Shlykov, Vitali"]
[Black "Kanep, Meelis"]
[Result "0-1"]
[WhiteElo "2142"]
[BlackElo "2426"]
[PlyCount "78"]
[EventDate "2004.05.04"]

1. e4 c5 2. Nf3 d6 3. d4 cxd4 4. Nxd4 Nf6 5. Nc3 a6 6. Be3 e6 7. g4 h6 8. f4
Nc6 9. h3 Qc7 10. Bg2 Nd7 11. Qe2 g5 12. Nd5 exd5 13. exd5 Ne7 14. Nf5 Nc5 15.
Bd4 Rg8 16. Nxd6+ Qxd6 17. Be5 Qb6 18. d6 gxf4 19. O-O-O Ne6 20. dxe7 Bxe7 21.
Rd3 Nc5 22. Rc3 Be6 23. Rd1 Qb5 24. Qxb5+ axb5 25. a3 b4 26. axb4 Nd7 27. Bd6
Bxd6 28. Rxd6 h5 29. Bxb7 Ra1+ 30. Kd2 Ke7 31. Ra6 Rxa6 32. Bxa6 hxg4 33. hxg4
Rxg4 34. Be2 Rg2 35. Ke1 Ne5 36. b5 f3 37. Bxf3 Nxf3+ 38. Rxf3 Rxc2 39. b4 Rc4
0-1

[Event "Eesti MV"]
[Site "Tallinn"]
[Date "2004.05.07"]
[Round "5"]
[White "Zjukin, Sergei"]
[Black "Seeman, Tarvo"]
[Result "0-1"]
[WhiteElo "2390"]
[BlackElo "2425"]
[PlyCount "140"]
[EventDate "2004.05.04"]

1. e4 c5 2. Nf3 e6 3. d4 cxd4 4. Nxd4 Nc6 5. Nxc6 bxc6 6. Bd3 Nf6 7. O-O e5 8.
Kh1 Bc5 9. f4 d6 10. fxe5 Ng4 11. Qf3 Nxe5 12. Qg3 O-O 13. Nd2 Be6 14. Nf3 f6
15. Nh4 Rb8 16. Nf5 Bxf5 17. Rxf5 Qe8 18. b3 Qg6 19. Bf4 Qxg3 20. Bxg3 g6 21.
Rff1 Rbe8 22. Bxe5 Rxe5 23. g3 Kg7 24. Kg2 h5 25. h4 Bd4 26. Rad1 Rc5 27. Rf3
Be5 28. Bc4 a5 29. a4 Rb8 30. c3 Kf8 31. Re3 Ke7 32. Kf3 g5 33. hxg5 fxg5 34.
Rh1 Rh8 35. Ke2 h4 36. gxh4 Rxh4 37. Rxh4 gxh4 38. Kd3 Bf6 39. b4 Rg5 40. b5
cxb5 41. Bxb5 Rg1 42. Rh3 Rc1 43. Kd2 Bg5+ 44. Ke2 Ke6 45. Rf3 Bf6 46. Kd2 Rh1
47. Bc4+ Ke7 48. Bf1 Be5 49. Ke2 Bg3 50. Rf5 h3 51. Rxa5 Be5 52. Ra7+ Kf6 53.
Rh7 h2 54. Bg2 Ra1 55. Rh5 Kg6 56. Bf3 Rxa4 57. Rh4 Rc4 58. Rg4+ Kf6 59. Bg2
Rxc3 60. Kf2 Rc1 61. Rh4 Kg5 62. Rh7 Rc3 63. Bf3 Rc2+ 64. Be2 Ra2 65. Rh3 Ra1
66. Bf1 Kg4 67. Rh7 Bg3+ 68. Kg2 Ra2+ 69. Kh1 Kf3 70. Rf7+ Bf4 0-1

[Event "Eesti MV"]
[Site "Tallinn"]
[Date "2004.05.07"]
[Round "5"]
[White "Tsiganova, Monika"]
[Black "Kulaots, Kaido"]
[Result "0-1"]
[WhiteElo "2270"]
[BlackElo "2567"]
[PlyCount "56"]
[EventDate "2004.05.04"]

1. d4 Nf6 2. c4 e6 3. Nf3 b6 4. g3 Ba6 5. Qb3 Nc6 6. Nbd2 Bb7 7. e4 d5 8. cxd5
exd5 9. e5 Ne4 10. Bd3 Bb4 11. Qc2 O-O 12. O-O Bxd2 13. Bxd2 f6 14. Bc3 Qd7 15.
Rad1 fxe5 16. Bxe4 dxe4 17. dxe5 Qg4 18. Nh4 Rae8 19. Qb3+ Kh8 20. Qd5 Nd8 21.
Qc4 Qc8 22. Rfe1 Ne6 23. Rxe4 Bxe4 24. Qxe4 Ng5 25. Qc6 Nh3+ 26. Kg2 Rxf2+ 27.
Kh1 Ref8 28. Rd7 Qa6 0-1

[Event "Eesti MV"]
[Site "Tallinn"]
[Date "2004.05.07"]
[Round "5"]
[White "Veingold, Aleksander"]
[Black "Syskov, Vjatsheslav"]
[Result "1-0"]
[WhiteElo "2464"]
[BlackElo "2261"]
[PlyCount "105"]
[EventDate "2004.05.04"]

1. d4 Nf6 2. Nf3 e6 3. c4 b6 4. g3 Bb7 5. Bg2 Be7 6. Nc3 Ne4 7. Bd2 f5 8. d5
O-O 9. O-O Bf6 10. Qc2 Bxc3 11. Bxc3 exd5 12. cxd5 Bxd5 13. Rfd1 c6 14. Rac1
Nxc3 15. Qxc3 Bxf3 16. Bxf3 Qf6 17. Qa3 Qe5 18. Rc3 h6 19. Re3 Qc5 20. Qxc5
bxc5 21. Rc3 Kf7 22. Rxc5 Ke7 23. h4 Rf6 24. Ra5 Kd8 25. Rd4 g6 26. b4 Kc7 27.
Re5 Re6 28. Rc5 Kb6 29. h5 d6 30. Rc2 g5 31. a4 a6 32. e3 Ra7 33. a5+ Kb7 34.
g4 fxg4 35. Bxg4 Rf6 36. Re4 Ka8 37. Re8 Rc7 38. Kg2 Kb7 39. Rd8 Re7 40. Rc4
Ref7 41. f3 Re7 42. e4 Ref7 43. Rd4 Kc7 44. Rc8+ Kb7 45. Re8 Kc7 46. Be6 Rg7
47. Rc8+ Kb7 48. Rxd6 g4 49. f4 Re7 50. f5 Rexe6 51. Rxe6 Rxe6 52. Rxb8+ Kxb8
53. fxe6 1-0

[Event "Eesti MV"]
[Site "Tallinn"]
[Date "2004.05.07"]
[Round "6"]
[White "Kanep, Meelis"]
[Black "Syskov, Vjatsheslav"]
[Result "1-0"]
[WhiteElo "2426"]
[BlackElo "2261"]
[PlyCount "73"]
[EventDate "2004.05.04"]

1. d4 e6 2. e4 b6 3. Bd3 Bb7 4. Nf3 Nf6 5. e5 Nd5 6. O-O c5 7. dxc5 Bxc5 8. a3
Nc6 9. c4 Nc7 10. b4 Be7 11. Bb2 O-O 12. Qc2 h6 13. Nbd2 d6 14. exd6 Bxd6 15.
Rad1 Ne8 16. Ne4 Qe7 17. Nxd6 Nxd6 18. c5 bxc5 19. bxc5 Ne8 20. Rfe1 Nf6 21.
Rb1 Nd5 22. Be4 Rfd8 23. Bxg7 Kxg7 24. Qb2+ Nf6 25. Qxb7 Qxb7 26. Rxb7 Nxe4 27.
Rxe4 Rd5 28. h3 Rxc5 29. Rc7 Rd8 30. Nd4 Kf6 31. Nxc6 Rd6 32. Rf4+ Kg5 33.
Rcxf7 Rdxc6 34. Rg4+ Kh5 35. Rgg7 a6 36. Rf6 e5 37. Rf5+ 1-0

[Event "Eesti MV"]
[Site "Tallinn"]
[Date "2004.05.07"]
[Round "6"]
[White "Kulaots, Kaido"]
[Black "Veingold, Aleksander"]
[Result "1/2-1/2"]
[WhiteElo "2567"]
[BlackElo "2464"]
[PlyCount "32"]
[EventDate "2004.05.04"]

1. e4 c5 2. Nf3 d6 3. d4 cxd4 4. Nxd4 Nf6 5. Nc3 a6 6. Be3 e5 7. Nb3 Be7 8. f3
Be6 9. Qd2 O-O 10. O-O-O Nbd7 11. g4 Rc8 12. h4 b5 13. Nd5 Bxd5 14. exd5 Nb6
15. Bxb6 Qxb6 16. Kb1 Rc7 1/2-1/2

[Event "Eesti MV"]
[Site "Tallinn"]
[Date "2004.05.07"]
[Round "6"]
[White "Firstov, Juri"]
[Black "Tsiganova, Monika"]
[Result "1-0"]
[WhiteElo "2169"]
[BlackElo "2270"]
[PlyCount "73"]
[EventDate "2004.05.04"]

1. e4 c5 2. Nf3 d6 3. d4 cxd4 4. Nxd4 Nf6 5. Nc3 a6 6. f3 e5 7. Nb3 Be6 8. Be3
Be7 9. Qd2 Qc7 10. O-O-O O-O 11. g4 Nbd7 12. Qf2 Rfc8 13. Kb1 b5 14. g5 Nh5 15.
h4 g6 16. Nd5 Bxd5 17. Rxd5 Bf8 18. Bh3 Rcb8 19. Bg4 Nf4 20. Bxf4 exf4 21. Bxd7
Qxd7 22. Qd2 a5 23. Nc5 Qc7 24. Nd3 b4 25. Nxf4 a4 26. Rd3 a3 27. Nd5 Qa5 28.
Nf6+ Kh8 29. b3 Qe5 30. Rd4 Bg7 31. f4 Qe7 32. Nd5 Qa7 33. Rc4 Rc8 34. Rxb4 Rc5
35. h5 Rxd5 36. Qxd5 Rc8 37. Qb7 1-0

[Event "Eesti MV"]
[Site "Tallinn"]
[Date "2004.05.08"]
[Round "7"]
[White "Zjukin, Sergei"]
[Black "Kanep, Meelis"]
[Result "0-1"]
[WhiteElo "2390"]
[BlackElo "2426"]
[PlyCount "60"]
[EventDate "2004.05.04"]

1. e4 c5 2. Nf3 d6 3. d4 cxd4 4. Nxd4 Nf6 5. Nc3 a6 6. Bg5 e6 7. f4 Nbd7 8. Qf3
Qc7 9. O-O-O b5 10. Bd3 Bb7 11. Rhe1 Qb6 12. Nb3 b4 13. Na4 Qc7 14. Nd4 Be7 15.
Qh3 O-O-O 16. e5 dxe5 17. Nxe6 fxe6 18. fxe5 Nd5 19. Bxe7 Nxe7 20. Qxe6 Rhe8
21. Bxa6 Nc6 22. Bxb7+ Kxb7 23. Qh3 Ndxe5 24. Nc5+ Ka8 25. Qb3 Rxd1+ 26. Rxd1
Qf7 27. Qa4+ Qa7 28. Na6 Re7 29. a3 bxa3 30. b4 Qe3+ 0-1

[Event "Eesti MV"]
[Site "Tallinn"]
[Date "2004.05.08"]
[Round "7"]
[White "Tsiganova, Monika"]
[Black "Seeman, Tarvo"]
[Result "1/2-1/2"]
[WhiteElo "2270"]
[BlackElo "2425"]
[PlyCount "100"]
[EventDate "2004.05.04"]

1. d4 Nf6 2. c4 g6 3. Nc3 Bg7 4. e4 d6 5. Nf3 O-O 6. Be2 Na6 7. O-O c6 8. h3 e5
9. Bg5 h6 10. Be3 exd4 11. Nxd4 Re8 12. Qc2 Qe7 13. Bf3 Nh7 14. Bg4 Bxg4 15.
hxg4 Nf6 16. f3 d5 17. cxd5 cxd5 18. g5 hxg5 19. Bxg5 Qc5 20. Be3 Ng4 21. fxg4
Bxd4 22. Bxd4 Qxd4+ 23. Rf2 Nb4 24. Qa4 dxe4 25. Rd1 Qb6 26. Qb3 Re6 27. Nxe4
Rf8 28. Qf3 Qc6 29. Nf6+ Kg7 30. g5 Qxf3 31. gxf3 Nc6 32. Rh2 Rh8 33. Rxh8 Kxh8
34. Rd7 Re7 35. Rxe7 Nxe7 36. Kf2 Nf5 37. Ke2 Kg7 38. Kd3 Kf8 39. Ke4 Ke7 40.
Ke5 Nh4 41. f4 Nf3+ 42. Ke4 Ne1 43. Nd5+ Kd6 44. Ne3 Ke6 45. Kd4 Nf3+ 46. Ke4
Nd2+ 47. Kd3 Nf3 48. Ke4 Nd2+ 49. Kd3 Nf3 50. Ke4 Nd2+ 1/2-1/2

[Event "Eesti MV"]
[Site "Tallinn"]
[Date "2004.05.08"]
[Round "7"]
[White "Veingold, Aleksander"]
[Black "Firstov, Juri"]
[Result "1-0"]
[WhiteElo "2464"]
[BlackElo "2169"]
[PlyCount "81"]
[EventDate "2004.05.04"]

1. d4 Nf6 2. Nf3 e6 3. c4 b6 4. g3 Bb7 5. Bg2 Be7 6. Nc3 Ne4 7. Bd2 f5 8. d5
Bf6 9. Qc2 Na6 10. Rd1 Qe7 11. O-O Nd6 12. dxe6 dxe6 13. Qa4+ Kf7 14. Bf4 Nc5
15. Qc2 a5 16. b3 Rad8 17. Ne5+ Bxe5 18. Bxe5 Bxg2 19. Kxg2 Rd7 20. Qb2 Rhd8
21. Bxg7 Kg8 22. Be5 Nf7 23. Rxd7 Rxd7 24. Bf4 c6 25. Qc2 Kf8 26. Bc1 h5 27. h4
Qf6 28. Rd1 e5 29. Ba3 Rxd1 30. Qxd1 Kg7 31. Bxc5 bxc5 32. e4 f4 33. Qxh5 fxg3
34. fxg3 Qd8 35. Qd1 Qf6 36. Na4 Qh6 37. Nxc5 Qe3 38. Qg1 Qd2+ 39. Qf2 Qd1 40.
Ne6+ Kg6 41. Qf5+ 1-0

[Event "Eesti MV"]
[Site "Tallinn"]
[Date "2004.05.08"]
[Round "7"]
[White "Syskov, Vjatsheslav"]
[Black "Kulaots, Kaido"]
[Result "0-1"]
[WhiteElo "2261"]
[BlackElo "2567"]
[PlyCount "52"]
[EventDate "2004.05.04"]

1. e4 c5 2. Nf3 d6 3. d4 Nf6 4. Nc3 cxd4 5. Nxd4 a6 6. f3 e6 7. Be3 b5 8. Qd2
Nbd7 9. g4 h6 10. O-O-O Bb7 11. h4 b4 12. Na4 Qa5 13. b3 Nc5 14. a3 Nxa4 15.
axb4 Qc7 16. bxa4 Nd7 17. Kb2 d5 18. Nb3 dxe4 19. Rg1 exf3 20. Bf4 e5 21. Bg3
Be7 22. c3 Nb6 23. a5 Rd8 24. Qc2 Na4+ 25. Ka3 Rxd1 26. Qxd1 Qxc3 0-1

[Event "Eesti MV"]
[Site "Tallinn"]
[Date "2004.05.09"]
[Round "8"]
[White "Kanep, Meelis"]
[Black "Kulaots, Kaido"]
[Result "1/2-1/2"]
[WhiteElo "2426"]
[BlackElo "2567"]
[PlyCount "52"]
[EventDate "2004.05.04"]

1. d4 Nf6 2. c4 e6 3. Nf3 b6 4. g3 Ba6 5. Qa4 Bb7 6. Bg2 c5 7. dxc5 Bxc5 8. O-O
O-O 9. Nc3 Be7 10. Rd1 Na6 11. Bf4 Nc5 12. Qc2 Qc8 13. Rac1 Nce4 14. Nd4 Nxc3
15. Qxc3 a6 16. Qb3 Bxg2 17. Kxg2 Qb7+ 18. Qf3 Ne4 19. Nb3 f5 20. Nd2 g5 21.
Nxe4 fxe4 22. Qg4 h5 23. Qxh5 e3+ 24. f3 gxf4 25. Qg6+ Kh8 26. Qh6+ Kg8 1/2-1/2